| 000 | 00346nam a22001217a 4500 | ||
|---|---|---|---|
| 003 | OSt | ||
| 008 | 220215b ||||| |||| 00| 0 eng d | ||
| 082 |
_a621 _bPOW |
||
| 245 | _aPower engineers mini hand book | ||
| 260 |
_aK.S.E Board Engineers Association _bK.S.E Board Engineers Association _c1995 |
||
| 700 |
_aKrishna Iyer,G H _95180 |
||
| 942 | _cREF | ||
| 999 |
_c17503 _d17503 |
||